Анализ и прогнозирование финансового рынка на основе модели детерминированного хаоса: автореферат диссертации на соискание ученой степени кандидата технических наук; спец. 05.13.01

Dades bibliogràfiques
Autor principal: Марьясов Д. А. Денис Александрович
Autor corporatiu: Томский политехнический университет
Altres autors: Григорьев В. П. (научный руководитель)
Sumari:Защита состоится 23 мая 2007.
Idioma:rus
Publicat: Томск, [Б. и.], 2007
Matèries:
Format: Llibre
KOHA link:https://koha.lib.tpu.ru/cgi-bin/koha/opac-detail.pl?biblionumber=117126

MARC

LEADER 00000nam0a2200000 4500
001 117126
005 20231031123547.0
035 |a (RuTPU)RU\TPU\book\126764 
090 |a 117126 
100 |a 20070531d2007 k y0rusy50 ca 
101 0 |a rus 
102 |a RU 
105 |a y dm 001zy 
200 1 |a Анализ и прогнозирование финансового рынка на основе модели детерминированного хаоса  |e автореферат диссертации на соискание ученой степени кандидата технических наук  |e спец. 05.13.01  |f Д. А. Марьясов  |g Томский политехнический университет; науч. рук. В. П. Григорьев 
210 |a Томск  |c [Б. и.]  |d 2007 
215 |a 21 с. 
300 |a Защита состоится 23 мая 2007. 
320 |a Библиогр.: с.19-21 (10 назв.). 
452 1 |0 (RuTPU)RU\TPU\book\128527  |t Анализ и прогнозирование финансового рынка на основе модели детерминированного хаоса  |o автореферат диссертации на соискание ученой степени кандидата технических наук  |f Д. А. Марьясов  |g Томский политехнический университет; науч. рук. В. П. Григорьев  |c Томск  |n Б.и.  |d 2007  |a Марьясов, Денис Александрович 
610 1 |a экономика 
610 1 |a финансы 
610 1 |a финансовый рынок 
610 1 |a прогнозирование 
610 1 |a анализ 
610 1 |a математические методы 
610 1 |a математические модели 
610 1 |a модели детермированного хаоса 
610 1 |a фондовые рынки 
610 1 |a рынок ценных бумаг 
610 1 |a фьючерсные рынки 
686 |a У9(2)262.29  |v LBC/SL-A  |2 rubbk 
686 |a 05.13.01  |2 oksvnk 
700 1 |a Марьясов  |b Д. А.  |g Денис Александрович 
702 1 |a Григорьев  |b В. П.  |4 727 
712 0 2 |a Томский политехнический университет  |z 1991-  |2 stltpush  |3 (RuTPU)RU\TPU\col\376 
801 1 |a RU  |b 63413507  |c 20070531  |g PSBO 
801 2 |a RU  |b 63413507  |c 20230220  |g PSBO 
942 |c BK